College Algebra (Record no. 303598)

MARC details
000 -LEADER
fixed length control field 00358nam a2200157Ia 4500
008 - FIXED-LENGTH DATA ELEMENTS--GENERAL INFORMATION
fixed length control field 230718s9999 xx 000 0 und d
041 ## - LANGUAGE CODE
Language code of text/sound track or separate title eng
082 ## - DEWEY DECIMAL CLASSIFICATION NUMBER
Classification number 512.9
Item number PET
100 ## - MAIN ENTRY--PERSONAL NAME
Personal name Peterson G.L.
9 (RLIN) 129128
245 ## - TITLE STATEMENT
Title College Algebra
260 ## - PUBLICATION, DISTRIBUTION, ETC. (IMPRINT)
Date of publication, distribution, etc. 1985
Name of publisher, distributor, etc. Wadsworth
300 ## - PHYSICAL DESCRIPTION
Extent 446
365 ## - TRADE PRICE
Currency code Rs.
700 ## - ADDED ENTRY--PERSONAL NAME
Personal name Peterson G L
9 (RLIN) 129128
906 ## - LOCAL DATA ELEMENT F, LDF (RLIN)
c MATHS
Holdings
Withdrawn status Lost status Damaged status Not for loan Home library Current library Date acquired Vendor Budget Code Total Checkouts Full call number Barcode Date last seen Bill Date Koha item type Original Barcode
        Cummins College of Engineering for Women Pune Cummins College of Engineering for Women Pune 05/06/2002 Masurkar Enterprises MATHS   512.9 CCEP-BK-14805 18/07/2023 18/07/2023 Books 014805